Záväzné dokumenty pre členské krajiny O. Keltošová ukončila 85. zasadnutie Medzinárodnej konferencie práce v Ženeve

Bibliographic Details
Main Authors: Krajačičová, Dobroslava (Author), Keltošová, Oľga, 1943- (Author)
Format: Article
Language:Slovak
Subjects:

MARC

LEADER 00000nab a2200000 a 4500
001 vtls000624691
003 SK-MaSNL
005 20260303114107.0
008 160401c1997 xo 0 slo
015 |a SNBRB19rr/mm-uuuuu 
035 |a CL0624830 
040 |a SNKBUCL  |b slo  |c SNKBUCL  |e AACR2 
041 0 |a slo 
044 |a xo  |c SK 
080 |a 331.91:061.2(100):061.3  |2 1981 
100 1 |a Krajačičová, Dobroslava  |4 aut  |9 274666 
245 1 0 |a Záväzné dokumenty pre členské krajiny  |b O. Keltošová ukončila 85. zasadnutie Medzinárodnej konferencie práce v Ženeve  |c Dobroslava Krajačičová 
650 0 7 |a Medzinárodná konferencia práce  |2 snkbucl  |9 900939 
655 7 |a články z novín a časopisov  |2 snkbucl  |9 267496 
700 1 |a Keltošová, Oľga,  |d 1943-  |4 aut  |9 224695 
773 0 |t Slovenská republika  |g Roč. 5, č. 141 (20. 6. 1997), s. 7 
850 |a Slovenská národná knižnica v Martine  |a MTA001 
852 |a SNK  |b KIS3GCP 
958 |a SK 
958 |a RK 
958 |a RBX 
999 |c 1897125  |d 1899055